| 000 | 00925nam a2200301 i 4500 | ||
|---|---|---|---|
| 001 | bg | ||
| 245 | 0 | 0 |
_aMetody statystyki i data mining w badanich naukowych / _cStatSoft. |
| 260 |
_aWarszawa ; _aKraków : _bStatSoft, _c2003. |
||
| 300 |
_a112 s. : _bil. ; _c24 cm. |
||
| 490 | 1 | _aZastosowania Statystyki i Data Mining | |
| 504 | _aBibliogr. po art. | ||
| 650 | 9 |
_aStatistica (informat.) _xstosowanie |
|
| 650 | 9 |
_aStatystyka _xstosowanie |
|
| 650 | 9 |
_aRozpoznawanie obrazów _xstosowanie _xmedycyna |
|
| 650 | 9 |
_aMięśnie _xbadanie |
|
| 650 | 9 | _aJęzyk migany | |
| 650 | 9 |
_aRynek kapitałowy _xbadanie |
|
| 650 | 9 |
_aRyzyko _xbadanie |
|
| 710 | 0 | _aStatSoft | |
| 830 | _aZastosowania Statystyki i Data Mining | ||
| 020 | _a8388724150 | ||
| 040 | _cBPK | ||
| 041 | 0 | _apol | |
| 080 | _a311+519.2+004.42:[61:336.7:81'221 | ||
| 920 | _a83-88724-15-0 | ||
| 942 | _cKS | ||
| 008 | s pl f |000 0 pol | ||
| 999 |
_c43874 _d43874 |
||